000 00369nam a2200109Ia 4500
008 220216s9999 xx 000 0 und d
100 _aJayasinghe C K
245 0 _aCylindrocladium quinqueseptatum Boedijn & Reitsma: A potential pathogen of Hevea rubber
260 _bInternational Rubber Research and Development Board Newsletter
_c1998
300 _a3-Jan
942 _cJS
999 _c56700
_d56700